000 00824nam a22002657a 4500
003 URS
005 20240712191153.0
008 200214t2021 ph ||||| |||| 00| 0 eng d
020 _a9786214181629
040 _aDLC
_beng
_cDLC
_dURS
_dDLC
_erda
050 1 4 _aP90
_bM3399 2021
082 _a420
_bM339 2021
100 1 _aMariveles, Hannah P.
_eauthor
245 1 0 _aPurposive communication/
_cHannah P. Mariveles.
250 _aSecond edition
264 1 _a[Quezon City] :
_bWiseman's Books Trading, Inc.,
_c[2021].
264 4 _c©2021
300 _aiv, 140 pages;
_billustations ;
_c24 cm.
336 _2rdacontent
_atext
_btxt
337 _2rdamedia
_aunmediated
_bn
338 _2rdacarrier
_avolume
_bnc
504 _aIncludes bibliographical references (pages 139-140).
650 0 _aCommunication.
942 _2ddc
_cF
999 _c78156
_d78155